Statistics for Gibraltar National League Winners

Click here to take the quiz!

General Stats

  • This quiz has been taken 24 times
  • The average score is 4 of 18

Answer Stats

Answer% Correct
Lincoln Red Imps
89%
Europa FC
44%
Manchester 62
39%
Gibraltar
33%
St Joseph's
33%
Glacis United
22%
Gibraltar United
17%
Albion
11%
Athletic
11%
Britannia XI
11%
Chief Construction
11%
Commander of the Yard
11%
Exiles
11%
Jubilee
11%
Prince of Wales
11%
Royal Sovereign
11%
South United
11%
St Theresas
11%

Score Distribution

Percentile by Number Answered

Percent of People with Each Score

Your Score History

You have not taken this quiz